| 000 | 00810nam a2200241Ia 4500 | ||
|---|---|---|---|
| 008 | 130821s1999 enk gr eng | ||
| 020 | _a047198633 X | ||
| 040 |
_aCo-BoUCM _bspa |
||
| 041 | 0 | 0 | _aeng |
| 100 | 1 | _aMagnus, Jan R. | |
| 245 | 1 | 0 |
_aMatrix differential calculus with applications in statistics and econometrics _cJan R. Magnus, Heinz Neudecker |
| 250 | _aRev. ed. | ||
| 260 |
_aChichester (West Sussex, Inglaterra) _bJohn Wiley y Sons _c1999 |
||
| 300 | _a395 páginas | ||
| 504 | _aIncluye bibliografía e índice | ||
| 650 | 0 | 4 |
_aCálculo diferencial _910292 |
| 650 | 0 | 4 |
_aEconometría _913653 |
| 650 | 0 | 4 |
_aEstadística _914984 |
| 650 | 0 | 4 |
_aMatrices _919078 |
| 700 | 1 | _aNeudecker, Heinz | |
| 942 |
_cLIBRO _a14 _e1 _mM199M _2DEWEY _h512.9434 |
||
| 999 |
_c28367 _d28367 |
||